Vista normal
Vista MARC
Entrada Personal Name
Número de registros utilizados en: 2
001 - CONTROL NUMBER
- control field: 14397
003 - CONTROL NUMBER IDENTIFIER
- control field: DLC
005 - DATE AND TIME OF LATEST TRANSACTION
- control field: 20230627085152.0
008 - FIXED-LENGTH DATA ELEMENTS
- fixed length control field: 181209n| azannaabn |n aaa c
010 ## - LIBRARY OF CONGRESS CONTROL NUMBER
- LC control number: no2018168731
035 ## - SYSTEM CONTROL NUMBER
- System control number: (OCoLC)oca11696582
040 ## - CATALOGING SOURCE
- Original cataloging agency: MdRoLAC
- Language of cataloging: spa
- Description conventions: rda
- Transcribing agency: Mx-PuUPA
- Modifying agency: MdRoLAC
- Modifying agency: Mx-PuUPA
100 1# - HEADING--PERSONAL NAME
- Personal name: Culbertson, William,
374 ## - OCCUPATION
- Occupation: Autor
375 ## - GENDER
- Gender: hombre
- Source of term: lcdgt
377 ## - ASSOCIATED LANGUAGE
- Language code: eng
378 ## - FULLER FORM OF PERSONAL NAME
- Fuller form of personal name: William C.
670 ## - SOURCE DATA FOUND
- Source citation: Culbertson, William. 3ds max basics for modeling video game assets, 2019:
- Information found: eCIP title page (William Culbertson)
670 ## - SOURCE DATA FOUND
- Source citation: CRC Press website, viewed. Dec. 9, 2018
- Information found: (William Culbertson ; founder of Whooplah LLC ; An experienced video game designer and developer, he recently released the large- scale video game environment portal, Pollwog Pond, for early learners ; A graduate of Towson University in Maryland, Bill earned a Master of Art in Art Education degree from The Rhode Island School of Design)
- Uniform Resource Identifier: https://www.crcpress.com/3ds-Max-Basics-for-Modeling-Video-Game-Assets/Culbertson/p/book/9781138345065
670 ## - SOURCE DATA FOUND
- Source citation: Whooplah website, viewed Dec. 9, 2018
- Information found: (William C. Culbertson)
- Uniform Resource Identifier: http://www.williamculbertson.com/